| 000 | 02616nam a2200421 c 4500 | ||
|---|---|---|---|
| 003 | BLK | ||
| 005 | 20180422094656.0 | ||
| 008 | 180413b bul|||||r ||||||| ||bul|| | ||
| 010 | _aKNG00017274000 | ||
| 020 |
_a954-8382-04-0 _bиздат.: Център за европ. изследвания - на том(т. 1) |
||
| 040 | _aBLK | ||
| 041 |
_aBUL _cBUL |
||
| 080 |
_aЕвропейска икономическа общност _b339.923:061.1ЕИО _x(094.2) _z339.923:061.1ЕИО(094.2) |
||
| 080 |
_aМеждународни съглашения. Международни договори и авторско право. Видове и форми, сключване и ратификация, изпълнение на договори и др. _b341.24 _x(4)(094.2) _z341.24(4)(094.2) |
||
| 700 | 1 |
_aБорисов, Орлин _eсъстав. _9260260 |
|
| 700 | 1 |
_aЛеков, Велислав _eсъстав. _9260261 |
|
| 700 | 1 |
_aБорисов, Орлин _eпредг. от _9364942 |
|
| 700 | 1 |
_aЛеков, Велислав _eпрев. от англ. _9364943 |
|
| 139 |
_aОсновни договори на Европейския съюз _bО 83 |
||
| 245 | 1 | 0 |
_aОсновни договори на Европейския съюз _bT. 1 - 2 _cсъстав. Орлин Борисов; състав. Велислав Леков; предг. от Орлин Борисов; прев. от англ. Велислав Леков. _nТ. 1 _pДоговор за Европейски съюз ; Договор за създаване на ЕОВС ; Договор за създаване на ЕВРАТОМ |
| 257 | _aBGR | ||
| 260 |
_аСофия _c1997 |
||
| 300 | _c20 см | ||
| 380 | _a3 | ||
| 500 | _a2 000 тир Геогр. руб.: Европа | ||
| 650 | 4 |
_aЕвропейска общност - нормативни актове _9260262 |
|
| 650 | 4 |
_aМеждународни договори и съглашения - Европейска общност - нормативни актове _9260263 |
|
| 650 | 4 |
_aМеждународно право - нормативни актове _9258764 |
|
| 653 | _aдоговори | ||
| 653 | _aЕвропейски съюз | ||
| 659 | _aЕ | ||
| 760 | 1 |
_3- на том(т. 1) _dЦентър за европ. изследвания _h304 с. _tТ. 1 Договор за Европейски съюз ; Договор за създаване на ЕОВС ; Договор за създаване на ЕВРАТОМ |
|
| 852 | _aЦб 192682 | ||
| 856 | 4 |
_qpdf _u |
|
| 856 | 4 |
_qpdf _u |
|
| 942 |
_cKNG _n0 |
||
| 944 |
_aCR _c13.02.2003 _kГеновева_Генчева |
||
| 944 |
_aED _c09.07.2003 _k |
||
| 999 |
_c15488 _d15488 |
||